[Event "Dewan Astana Karnival op (Women)"]
[Site "Dewan Astana"]
[Date "2015.08.01"]
[Round "6"]
[White "Munira, Menjan"]
[Black "Nurul, Mardhiah Mohd Hassa"]
[Result "0-1"]
[WhiteElo "1437"]
[BlackElo "1234"]
[PlyCount "126"]
[EventDate "2015.07.29"]
[EventType "swiss"]
[EventRounds "7"]
[EventCountry "MAS"]
[SourceTitle "EXT 2017"]
[Source "ChessBase"]
[SourceDate "2016.10.25"]
[SourceVersion "1"]
[SourceVersionDate "2016.10.25"]
[SourceQuality "1"]

1. e4 g6 2. Nf3 d6 3. Nc3 Bg7 4. Bb5+ c6 5. Bc4 Nd7 6. d4 Qc7 7. 0-0 Ngf6 8. Re1 e5 9. Bg5 0-0 10. Qd2 a6 11. a3 b5 12. Ba2 Bb7 13. b4 c5 14. d5 c4 15. a4 Ra7 16. axb5 Qc8 17. Be3 Ra8 18. h3 Ne8 19. Bh6 f5 20. exf5 Rxf5 21. Qe3 axb5 22. Bxg7 Kxg7 23. Nh4 Rh5 24. Nf3 Nef6 25. Ng5 Nxd5 26. Nxd5 Bxd5 27. f4 h6 28. g4 Rh4 29. Kf1 hxg5 30. fxe5 Qc6 31. Kf2 Bg2 32. e6 Rxh3 33. Qd4+ Nf6 34. Ke2 Qf3+ 35. Kd2 c3+ 36. Kc1 Qf4+ 37. Qxf4 gxf4 38. g5 Ng4 39. e7 f3 40. e8N+ Rxe8 41. Be6 Rxe6 42. Ra7+ Kf8 43. Ra8+ Ke7 44. Ra7+ Kd8 45. Ra8+ Kc7 46. Rd1 Rh1 47. Rxh1 Bxh1 48. Kb1 f2 49. Rf8 Re1+ 50. Ka2 f1Q 51. Rxf1 Rxf1 52. Kb3 Rf3 53. Ka2 Nf2 54. Kb3 Ne4 55. Ka2 Nxg5 56. Kb1 Ne4 57. Ka2 g5 58. Ka1 g4 59. Ka2 g3 60. Ka1 g2 61. Ka2 g1Q 62. Kb3 Qb1+ 63. Ka3 Qb2# 0-1

[Event "Dewan Astana Karnival op (Women)"]
[Site "Dewan Astana"]
[Date "2015.07.31"]
[Round "5"]
[White "Nurul, Mardhiah Mohd Hassa"]
[Black "Julyana, Md Zakaria"]
[Result "1-0"]
[WhiteElo "1234"]
[BlackElo "1378"]
[PlyCount "100"]
[EventDate "2015.07.29"]
[EventType "swiss"]
[EventRounds "7"]
[EventCountry "MAS"]
[SourceTitle "EXT 2017"]
[Source "ChessBase"]
[SourceDate "2016.10.25"]
[SourceVersion "1"]
[SourceVersionDate "2016.10.25"]
[SourceQuality "1"]

1. e4 e5 2. Nf3 Nc6 3. Bc4 Bc5 4. d3 h6 5. Nc3 Nf6 6. Be3 Bxe3 7. fxe3 0-0 8. 0-0 a6 9. d4 exd4 10. exd4 Na5 11. Bd3 d6 12. b4 Ng4 13. bxa5 Ne3 14. Qd2 Nxf1 15. Rxf1 c6 16. Ne2 Be6 17. c4 b5 18. axb6 Qxb6 19. Kh1 Rab8 20. Rb1 Qa7 21. d5 cxd5 22. exd5 Bg4 23. Qf4 Qd7 24. Rxb8 Rxb8 25. c5 Bxf3 26. gxf3 Rb2 27. Qxd6 Qxd6 28. cxd6 Kf8 29. Nc3 Rb6 30. d7 Ke7 31. Kg2 Kxd7 32. Kg3 a5 33. Kf4 g6 34. Be4 Rb4 35. Ke5 f6+ 36. Kxf6 Rb2 37. h3 Rh2 38. Kxg6 Rxh3 39. Bf5+ Kd6 40. Bxh3 Ke5 41. Kxh6 a4 42. Kg5 a3 43. f4+ Kd4 44. d6 Kxc3 45. d7 Kb2 46. d8Q Kxa2 47. Qd2+ Kb3 48. f5 a2 49. Qxa2+ Kxa2 50. f6 Kb3 1-0